El pomo de la espada: la sociedad, las letras y los hombres de ley
Сохранить в:
| Главный автор: | |
|---|---|
| Формат: | |
| Язык: | испанский |
| Опубликовано: |
Madrid, España
Nacional
1961
|
| Предметы: | |
| Метки: |
Добавить метку
Нет меток, Требуется 1-ая метка записи!
|
MARC
| LEADER | 00000nam a2200000 a 4500 | ||
|---|---|---|---|
| 001 | UCO4148 | ||
| 003 | CL-VaPUC | ||
| 005 | 20210709001734.0 | ||
| 008 | 000728e19610000SP |||||||||||||||||spa|d | ||
| 999 | |c 290221 |d 290219 | ||
| 040 | |c Pontificia Universidad Católica de Valparaíso | ||
| 082 | 0 | 4 | |a 946.02 BEN 1961 |2 21 |
| 100 | 0 | |a Beneyto, Juan |e author |9 448336 | |
| 245 | 1 | 3 | |a El pomo de la espada: |b la sociedad, las letras y los hombres de ley |
| 260 | |a Madrid, España |b Nacional |c 1961 | ||
| 300 | |a 257 páginas | ||
| 583 | |a last modification |c 20000728 00:00:00 |k Rodrigo Vera | ||
| 650 | 0 | |a Historia de España |x EDAD MEDIA |9 315435 | |
| 650 | 0 | |a Historia social |z ESPAÑA |9 313638 | |
| 650 | 0 | |a Historia política |z ESPAÑA |9 256974 | |
| 852 | |a BIBCUR | ||
| 942 | |c BK |2 ddc | ||
| 945 | |d 20000728 00:00:00 |a crobeson | ||
| 952 | |0 0 |1 0 |2 ddc |4 0 |6 946_020000000000000_BEN_1961 |7 0 |8 A |9 339516 |a BIBHIS |b BIBHIS |d 2019-11-20 |i 1211102 |o 946.02 BEN 1961 |p 1211102 |r 2025-01-20 |t 2 |w 2019-11-20 |y BK |k HIS | ||
| 952 | |0 0 |1 0 |2 ddc |4 0 |6 946_020000000000000_BEN_1961 |7 0 |8 DER_HIS |9 339517 |a BIBDER |b BIBDER |d 2019-11-20 |i 4134761 |l 1 |o 946.02 BEN 1961 |p 4134761 |r 2023-01-25 |s 2020-03-17 |t 1 |w 2019-11-20 |x Ubicación 4to Piso |y BK |z Estos recursos deben solicitarse con anticipación |k DER | ||